Central Library OPAC University of Rajshahi

মহানবীর (সা) সীরাত কোষ / (Record no. 49276)

MARC details
000 -LEADER
fixed length control field 00855nam a2200229 a 4500
001 - CONTROL NUMBER
control field 49276
003 - CONTROL NUMBER IDENTIFIER
rucl marc code BD-RjUL
005 - DATE AND TIME OF LATEST TRANSACTION
control field 20211209054647.0
008 - FIXED-LENGTH DATA ELEMENTS--GENERAL INFORMATION
fixed length control field 160820s1994 bg ||||| |||| 00| 0 ben d
020 ## - INTERNATIONAL STANDARD BOOK NUMBER
Terms of availability : Tk. 95.00
035 ## - SYSTEM CONTROL NUMBER
System control number (BD-RjUL) 49395
040 ## - CATALOGING SOURCE
Original cataloging agency BD-RjUL
Language of cataloging eng
Transcribing agency BD-RjUL
041 ## - LANGUAGE CODE
Language code of text/sound track or separate title eng
082 ## - DEWEY DECIMAL CLASSIFICATION NUMBER
Edition number 23
Classification number 297.63
Author mark and year AHM 1994
100 1# - MAIN ENTRY--PERSONAL NAME
Personal name আহমদ, খান মোসলেহউদ্দীন
9 (RLIN) 148040
245 10 - TITLE STATEMENT
Title মহানবীর (সা) সীরাত কোষ /
Statement of responsibility, etc. খান মোসলেহউদ্দীন আহমদ
260 ## - PUBLICATION, DISTRIBUTION, ETC. (IMPRINT)
Place of publication, distribution, etc. ঢাকা :
Name of publisher, distributor, etc. আধুনিক প্রকাশনী,
Date of publication, distribution, etc. ১৯৯৪
300 ## - PHYSICAL DESCRIPTION
Pagination ২৬৭ পৃ. ;
Size ২১ সেমি.
600 ## - SUBJECT ADDED ENTRY--PERSONAL NAME
Personal name নবী, মোহাম্মাদ
Dates associated with a name ৬৩২
Personal name Prophet, Muḥammad
Dates associated with a name 632
942 ## - ADDED ENTRY ELEMENTS (KOHA)
Source of classification or shelving scheme Dewey Decimal Classification
Koha item type Books
Holdings
Lost status Source of classification or shelving scheme Damaged status Not for loan Collection code Permanent Location Current Location Shelving location Date acquired Source of acquisition Cost, normal purchase price Total Checkouts Full call number Date last seen Date checked out Copy number Koha item type
  Dewey Decimal Classification     Non-fiction Central Library, University of Rajshahi Central Library, University of Rajshahi   31/07/1995 Islamic Foundation, Dhaka 17.00 4 B 297.63 AHM 1994 07/06/2018 18/03/2018 C-2 Books